000 00890nam0a22002531 4500
001 rc\256755
005 20250621023736.0
010 _a5-250-00722-8
_9150000
035 _a(NLR Aleph) 005528345
090 _a5582429
_c5582429
100 _a20030307d1990 |||y0rusy50 ca
101 0 _arus
102 _aRU
105 _ay |||||||||
200 1 _aНа переломе
_eФилос. дискуссии 20-х гг.
_eФилософия и мировоззрение
_e[Сб. ст.
_fСост. и авт. вступ. ст., с. 5-28, П.В. Алексеев]
210 _aМ.
_cПолитиздат
_d1990
215 _a527, [1] с.
_d22
320 _aБиблиогр. в примеч.: с. 505-511
702 1 _aАлексеев
_bП.В.
_gПетр Васильевич
_4220
801 0 _aRU
_bNLR
_gpsbo
801 1 _aRU
_bELAR
_2rusmarc
852 _aNLR
_j90-5/4166
942 _cBOOK
980 _aNB